Statistics for Demographics of Adelaide - Language spoken at home by region

Click here to take the quiz!

General Stats

  • This quiz has been taken 82 times
  • The average score is 7 of 10

Answer Stats

Answer% Correct
Italian
86%
Greek
83%
Mandarin
83%
Vietnamese
80%
German
77%
Cantonese
74%
Arabic
70%
Hindi
67%
Tagalog / Filipino
57%
Punjabi
39%

Score Distribution

Percentile by Number Answered

Percent of People with Each Score

Your Score History

You have not taken this quiz